=LDR 00000nam 2200000 4500 =001 INLIS000000000016077 =005 20140315142114.0 =006 =007 =008 Ind =035 ##$$a 0010-061300000016077 =041 ##$$a Ind =082 ##$$a 323 =090 ##$$a 323, Bah h =100 ##$$a Bahar, Saafroedin =245 ##$$a Hak asasi manusia, Analisis komnas HAM dan jajaran Hankam/ABRI, Drs. Saafroedin Bahar =260 ##$$a 1996 $b Jakarta =300 ##$$a XV-161 hlm., 18 cm =650 ##$$a Hak Asasi =850 ##$$a NBPNMAT